Responses for Show #57 - Tuesday, November 27, 1984

Contestants

[<< previous game]

Mark Loundy, a photojournalist from Diamond Bar, California

Elaine Baker, an administrator originally from Salem, Oregon

Richard Landon, a restaurant manager from Santa Cruz, California (whose 4-day cash winnings total $31,400)

[next game >>]

Jeopardy! Round responses

BRITISH ISLES
MUSIC
1945
TELEVISION
FASHION
TRIVIA
    $100 1
(Richard: Well, since Scotland is my favorite country, let's start with the BRITISH ISLES for $100, Alex.)
...
(Elaine: Where is London?)
...
(Alex: [*]! Yes! Absolutely! And Richard had just mentioned it! Elaine jumped in and I thought my Scottish burr was well done, also, but obviously not.)

Scotland

ElaineMark
    $100 2
Missouri

Mark
    $100 16
(Richard: Who are Joanie and ... Scott Baio?)
[Laughter; Alex looks to judges]
(Richard: [*]!)
(Alex: He had the answer, and we would've accepted the actor's name and the actress's name, or the characters. [*], Scott Baio, yes, indeed. Go, Richard.)
(Richard: Thanks, Alex.)

Joanie and Chachi

Richard
    $100 6
shoes

Elaine
    $100 13
expletive deleted

Elaine
    $200 10
green

Mark
    $200 3
microwave creation

Mark
    $200 19
(Richard: What is the L.A. Times?)

Lou Grant

RichardMark
    $200 7
(Alex: They used to wear them, I understand, while sleeping.)

gloves

Elaine
    $200 14
(Mark: What is a hardware store?)

an auto supply store

RichardMark
    $300 12
Prince Andrew

Elaine
    $300 4
48

Mark
    $300 20
Mary Crosby

Mark
    $300 8
(Mark: What is a cuff link?)
(Richard: What is a cuff ... a [*]?)
(Alex: No, I'm sorry, I'm not going to give it to you, because we had Mark giving "cuff link" and you said "cuff", and what we were going for is [*]. We wanted you to be very specific, particularly the contestant, as you know, who rings in second.)

a French cuff

RichardMark
Triple Stumper
    $300 15
(Alex: It's not inches, by the way, it's RPMs.)
(Mark: Sorry.)

33 1/3 inches per second

Mark
    $400 5
The Glass Menagerie

Elaine
    $400 21
Betty White

Elaine
    $400 9
(the Tattersall) check (or plaid)

Richard
    $400 17
0

Richard
    $500 11
Ray Milland

Richard
    $500 22
(Elaine: What is M*A*S*H?)
(Richard: What is St. Elsewhere?)
(Mark: What is General Hospital?)
(Alex: How many medical shows do we have to go through before we get to [*]?)

Trapper John, M.D.

RichardElaineMark
Triple Stumper
    $500 23
[The end-of-round signal sounds.]

jodhpurs

Elaine
    $500 18
(Alex: Mark remembers now, but it's too late, Mark! Too late! We don't want to hear from you now.)

Uncle Wiggily

Triple Stumper

Scores at the first commercial break (after clue 9):

Richard Elaine Mark
$100 $600 $400

Scores at the end of the Jeopardy! Round:

Richard Elaine Mark
$600 $1,400 $700

Double Jeopardy! Round responses

HOT SPOTS
SPACE
3-LETTER WORDS
TRADE CENTERS
DRAMA
LEGENDS
    $200 8
Africa

Mark
    $200 3
Saturn

Mark
    $200 16
a bed

Elaine
    $200 1
the Bible

Richard
    $200 13
rubbing noses

Elaine
    $400 9
Death Valley

Mark
    $400 4
(Richard: What is carbon dioxide?)

ammonia

RichardMark
    $400 17
(Elaine: What is a five?)
...
(Alex: 3-LETTER WORDS, Elaine, not 4.)

a fin

RichardElaine
    $400 2
comedy

Mark
    $400 14
the Vikings (or the Norse)

Richard
    $600 10
Fire Island

Elaine
    $600 5
Earth

Mark
    $600 18
an oak

Richard
    $600 26
[The end-of-round signal sounds.]

Akron, Ohio

Mark
    $600 11
Henrik Ibsen

Richard
    $1,000 23
(Alex: [As music plays] We've got less than a minute in the round.)

a unicorn

Richard
    $800 20
Tierra del Fuego

Mark
    $800 6
Soyuz

Mark
    $800 19
ask

Mark
    $800 12
(Mark: Who are the Plantagenists?)
(Richard: Who are the Roundheads?)
[ERRATUM: On the following show Alex states that Richard's answer should have been accepted.]

the Puritans

RichardMark
Triple Stumper
    $800 24
Pandora's box

Mark
    $1000 21
Warm Springs, Georgia

Richard
    $1,500 7
Kohoutek

Mark
    $1000 22
the loo

Richard
    $1000 15
Long Day's Journey Into Night

Elaine
    $1000 25
(Elaine: Who are Troilus & Cressida?)
(Richard: Who are Heloise & Abelard?)

Pyramus and Thisbe

RichardElaine
Triple Stumper

Scores at the end of the Double Jeopardy! Round:

Richard Elaine Mark
$3,600 $2,000 $7,400
(lock game)

[wagering suggestions for these scores]

Final Jeopardy! Round responses

GOVERNMENT
ElaineWhat is 1920's
$2,000
RichardWhat are the 1970's?
$3,600
MarkWhen were the 1970's
$199
the 1970s

Final scores:

Richard Elaine Mark
$7,200 $0 $7,599
2nd place: a shelving system 3rd place: a cork master and a gas grill New champion: $7,599

Game dynamics:

Coryat scores:

Richard Elaine Mark
$3,200 $2,000 $6,900
13 R
(including 2 DDs),
6 W
11 R,
4 W
20 R
(including 1 DD),
4 W

Combined Coryat: $12,100

[game clues] [game scores] [suggest correction]

Game tape date: 1984-09-12
The J! Archive is created by fans, for fans. Scraping, republication, monetization, and malicious use prohibited; this site may use cookies and collect identifying information. See terms. The Jeopardy! game show and all elements thereof, including but not limited to copyright and trademark thereto, are the property of Jeopardy Productions, Inc. and are protected under law. This website is not affiliated with, sponsored by, or operated by Jeopardy Productions, Inc. Join the discussion at JBoard.tv.